Visit Malaysia year 1990

Bibliographic Details
Format: Book
Published: Kuala Lumpur : Ministry of Culture & Tourism , 1989
Subjects:

MARC

LEADER 00000cam a2200000 7i4500
001 0000002107
005 20050630.0
040 |a INS 
090 0 0 |a DS592.6.   |b V57 1989 
245 1 0 |a Visit Malaysia year 1990   |c Ministry of Culture & Tourism, Malaysia 
260 |a Kuala Lumpur :   |b Ministry of Culture & Tourism ,   |c 1989 
300 |a 183p ;   |c 30cm. 
500 |a Library has two copies 
650 0 0 |a Tourist trade   |x Posters   |z Malaysia 
651 0 |a Malaysia   |x Ministry of Culture & Tourism 
999 |a 0000003551   |b BOOK   |c Open Shelf   |e Default branch